101 super sports jokes / (Record no. 3798)

MARC details
000 -LEADER
fixed length control field 00753nam a22002417a 4500
001 - CONTROL NUMBER
control field 3798
003 - CONTROL NUMBER IDENTIFIER
control field FISKH
005 - DATE AND TIME OF LATEST TRANSACTION
control field 20240508142132.0
008 - FIXED-LENGTH DATA ELEMENTS--GENERAL INFORMATION
fixed length control field 240508b cb ||||| |||| 00| 0 eng d
040 ## - CATALOGING SOURCE
Original cataloging agency FISK
Language of cataloging eng
Transcribing agency FISK
Modifying agency FISK
050 ## - LIBRARY OF CONGRESS CALL NUMBER
Classification number PN6371.S72
082 ## - DEWEY DECIMAL CLASSIFICATION NUMBER
Edition number 818.5402
100 ## - MAIN ENTRY--PERSONAL NAME
Personal name Stamper Bauer Judith
Dates associated with a name 1947-
245 ## - TITLE STATEMENT
Title 101 super sports jokes /
Statement of responsibility, etc. Judith Bauer Stamper
260 ## - PUBLICATION, DISTRIBUTION, ETC.
Place of publication, distribution, etc. New York :
Name of publisher, distributor, etc. Scholastic,
Date of publication, distribution, etc. 1983
300 ## - PHYSICAL DESCRIPTION
Extent 152 pages :
Dimensions 20 cm
505 ## - FORMATTED CONTENTS NOTE
Formatted contents note M
520 ## - SUMMARY, ETC.
Summary, etc. A collection of jokes and riddles about sports, including "What do you get if you cross a karate expert with a pig? A pork chop."
521 8# - TARGET AUDIENCE NOTE
Target audience note estimates,
Source Lexile NP
700 ## - ADDED ENTRY--PERSONAL NAME
Personal name Judith Bauer Stamper
942 ## - ADDED ENTRY ELEMENTS (KOHA)
Source of classification or shelving scheme Dewey Decimal Classification
Koha item type Books
Suppress in OPAC No

No items available.